| 000 | 00657nam a2200205Ia 4500 | ||
|---|---|---|---|
| 003 | GCL | ||
| 008 | 140319s9999 xx 000 0 ara d | ||
| 040 |
_aGCL / _cGCL |
||
| 082 | 0 | 4 |
_a942.08 _bع ت |
| 100 | 1 | _aعلى شعيب (مراجع) | |
| 245 | 1 | 0 |
_aتشرشل / _cعلى شعيب (مراجع) |
| 260 |
_aبيروت : _bدار الفكر اللبنانى ، _c1992 |
||
| 300 |
_a120 ص ؛ _c19 سم |
||
| 490 |
_aاحداث ومشاهير عالمية _v0 |
||
| 650 | 0 | 4 | _aبريطانيا - تاريخ |
| 650 | 0 | 4 | _aتشرشل |
| 650 | 0 | 4 | _aالقادة - تراجم |
| 650 | 0 | 4 | _aبريطانيا - علاقات خارجية |
| 942 |
_2ddc _cBK |
||
| 999 |
_c38999 _d38999 |
||